موجز في وصف الآثار الهامة

محفوظ في:

المؤلف الرئيسي: almathaf almusrri .

التنسيق: كتاب

اللغة: Undetermined

منشور في: Al-Qāhirah : almatbaeat al'amiria, 1949.

سلاسل: المتحف المصري

الوسوم: إضافة وسم

لا توجد وسوم, كن أول من يضع وسما على هذه التسجيلة!

رقم الطلب: DT59 .C243 M393 1949

LEADER 00416nam a2200133Ia 4500
008 240329s9999||||xx |||||||||||||| ||und||
050 4 |a DT59 .C243 M393 1949 
100 1 |a almathaf almusrri . 
245 1 0 |a موجز في وصف الآثار الهامة  |c almathaf almusrri  
264 1 |a Al-Qāhirah :  |b almatbaeat al'amiria,  |c 1949. 
300 |a 88,73  |c 20 
490 0 |a المتحف المصري 
942 |2 lcc  |c BK 
999 |c 57843  |d 57843